Exploring society. Lesson 12, Gender. Part 3 /

Gender discusses how society's expectations influence the definitions and behaviors associated with gender. Lesson 12, Part 3.

Bibliographic Details
Other Authors: Harrison, Ken (Producer and director) (Producer, Director), Mathis, Lynn (Narrator)
Format: Video
Language:English
Language Notes:In English.
Published: Dallas, TX : Dallas County Community College District, 2002.
Series:Academic Video Online
Subjects:
Online Access:Connect to this streaming video (Alexander Street Press)

MARC

Tag First Indicator Second Indicator Subfields
LEADER 00000cgm a2200000Mi 4500
001 in00005571237
006 m o c
007 cr |n||||||||a
007 vz |za|z|
008 190114s2002 txu004 e o vueng d
005 20241201232007.3
035 |a (OCoLC)on1089754054 
040 |a ALSTP  |b eng  |e rda  |e pn  |c ALSTP  |d OCLCO  |d UPM  |d OCLCO  |d STF  |d OCLCO  |d OCLCF  |d OCLCQ  |d OCLCO  |d OCLCA  |d OCLCO  |d OCLCQ  |d NUI 
019 |a 1373538640  |a 1430847912  |a 1443958348 
035 |a (OCoLC)1089754054  |z (OCoLC)1373538640  |z (OCoLC)1430847912  |z (OCoLC)1443958348 
049 |a TXAM 
245 0 0 |a Exploring society.  |n Lesson 12,  |p Gender.  |n Part 3 /  |c [produced by Dallas TeleLearning]. 
264 1 |a Dallas, TX :  |b Dallas County Community College District,  |c 2002. 
300 |a 1 online resource (4 min.) 
306 |a 000334 
336 |a two-dimensional moving image  |b tdi  |2 rdacontent 
337 |a computer  |b c  |2 rdamedia 
337 |a video  |b v  |2 rdamedia 
338 |a online resource  |b cr  |2 rdacarrier 
347 |a video file  |2 rda 
490 0 |a Academic Video Online 
500 |a Title from resource description page (viewed January 14, 2019). 
520 |a Gender discusses how society's expectations influence the definitions and behaviors associated with gender. Lesson 12, Part 3. 
546 |a In English. 
650 0 |a Sociology. 
650 0 |a Gender identity. 
650 0 |a Sex role. 
650 6 |a Sociologie. 
650 6 |a Identité sexuelle. 
650 6 |a Rôle selon le sexe. 
650 7 |a Gender identity.  |2 fast  |0 (OCoLC)fst00939593 
650 7 |a Sex role.  |2 fast  |0 (OCoLC)fst01114598 
650 7 |a Sociology.  |2 fast  |0 (OCoLC)fst01123875 
655 7 |a Educational films.  |2 fast  |0 (OCoLC)fst01726235 
655 7 |a Film excerpts.  |2 fast  |0 (OCoLC)fst01726130 
655 7 |a Film excerpts.  |2 lcgft 
655 7 |a Educational films.  |2 lcgft 
655 7 |a Films éducatifs.  |2 rvmgf 
700 1 |a Harrison, Ken  |c (Producer and director),  |e producer,  |e director. 
700 1 |a Mathis, Lynn,  |e narrator. 
710 2 |a Dallas TeleLearning (Firm),  |e production company. 
856 4 0 |u http://proxy.library.tamu.edu/login?url=https://www.aspresolver.com/aspresolver.asp?MARC;3225489  |z Connect to this streaming video (Alexander Street Press)  |t 0 
955 |a Alexander Street Press subscription streaming video 
994 |a 92  |b TXA 
999 f f |s 9922d253-ce33-4f32-bc62-ec56cef35d08  |i a867996c-5b95-43b0-8cd1-b9462080e578  |t 0 
952 f f |a Texas A&M University  |b College Station  |c Electronic Resources  |d Available Online  |t 0  |h Library of Congress classification 
998 f f |t 0  |l Available Online